| 000 | 00792nam a2200205 a 4500 | ||
|---|---|---|---|
| 001 | 000027213 | ||
| 005 | 20240307073947.0 | ||
| 008 | 110330s1979 dr abc 000 0 spa d | ||
| 040 |
_aDO-SdBNP _bspa _cBNPHU |
||
| 082 |
_axxx _bR813g |
||
| 100 | 1 |
_aRosenberg, June C. _917910 |
|
| 245 | 1 | 3 |
_aEl Gaga : _breligión y sociedad de un culto dominicano / _cJune C. Rosenberg. |
| 260 |
_aSanto Domingo : _bEditora de la UASD, _c1979. |
||
| 300 |
_a233 p. : _bil., mapa, retrs. ; _c23 cm. |
||
| 490 | 1 |
_aPublicaciones de la Universidad Autónoma de Santo Domingo _v272 |
|
| 490 | 1 |
_aHistoria y sociedad _v37 |
|
| 710 | 1 |
_aUniversidad Autónoma de Santo Domingo _972951 |
|
| 830 | 0 |
_aPublicaciones de la Universidad Autónoma de Santo Domingo ; _n272 _954281 |
|
| 830 | 0 |
_aHistoria y sociedad ; _n37 _954282 |
|
| 999 |
_c26705 _d26705 |
||